000 01102pam a2200325 a 4500
001 4678975
003 US-DLC
005 20180103033308.0
008 810514s1981 miua b s001 0 eng
010 _a 81010382
020 _a0472100106 :
_c$15.00
040 _aDLC
_cDLC
_dDLC
043 _an-us---
050 0 0 _aHC110.E5
_bB88 1981
082 0 0 _a363.7 BAD
_219
245 0 0 _aBureaucracy vs. environment :
_bthe environmental costs of bureaucratic governance /
_cJohn Baden and Richard L. Stroup, editors.
260 _aAnn Arbor :
_bUniversity of Michigan Press,
_cc1981.
300 _aviii, 238 p. :
_bill. ;
_c24 cm.
500 _aIncludes index.
504 _aBibliography: p. 225-227.
650 0 _aEnvironmental policy
_zUnited States.
650 0 _aEnvironmental policy
_xEconomic aspects
_zUnited States .
650 0 _aConservation of natural resources
_zUnited States.
650 0 _aBureaucracy
_zUnited States.
650 0 _aSelf-interest.
700 1 _aBaden, John.
700 1 _aStroup, Richard.
906 _a7
_bcbc
_corignew
_d1
_eocip
_f19
_gy-gencatlg
942 _2ddc
_cBK
999 _c39592
_d39592